000 01564nam0a2200385 4500
001 RU\NLR\bibl\1360155
005 20260407070427.0
010 _a978-5-9533-3688-8
_bв пер.
_93000
021 _aRU
_b2009-13907
_9823
035 _a(nilc)IZD\veche\2007\60186
035 _a(NLR Aleph) 001352334
090 _a928879
_c928879
100 _a20090225d2009 |||y0rusy50 ca
101 0 _arus
102 _aRU
105 _ay |||||||||
200 1 _aДвуглавый орел над Кавказом, 1804-2008 гг.
_fАлексей Шишов
210 _aМосква
_cВече
_d2009
_gОАО "Тульская тип."
_eТула
215 _a446 с.
_d21
225 1 _aИмперия.RU
607 _aРоссия
_xВнешняя политика
_yКавказ
_91551516
_3RU\NLR\auth\66978481
607 _aРоссия
_xВзаимоотношения
_yКавказ
_92202227
_3RU\NLR\auth\661323299
607 _aКавказ
_xВзаимоотношения
_yРоссия
_92202230
_3RU\NLR\auth\661323301
686 _a63.3(2)521
_vLBC/M
_2rubbk
686 _a63.3(2)64-6
_vLBC/M
_2rubbk
686 _a0630
_aРоссийская историческая литература
_2TCC-BG
686 _aТ3(2)0-6
700 1 _4070
_aШишов
_bА.В.
_f1946-
_gАлексей Васильевич
_3RU\NLR\AUTH\770151314
_9151276
801 0 _aRU
_bЛИБНЕТ
_c20090225
801 1 _aRU
_bМурманская ГОУНБ
_c20090324
801 2 _aRU
_bNLR
_c20090422
_grcr
830 _aCODE_OF_LIBNET\000018597
942 _cBOOK
980 _aNB